000
00256nam a22001097a 4500
082
_a
910
100
_a
Gupta,Sanjay
_9
82387
245
_a
Geography Madhya Pradesh
260
_a
Gwalior
_b
Niraml IAS
_c
2024
650
_a
Geograpy
_9
13819
942
_c
C. BOOKS
999
_c
66881
_d
66881